| 000 | 00522nam a2200181 u 4500 | ||
|---|---|---|---|
| 001 | AC-000000130 | ||
| 005 | 20230623063534.0 | ||
| 008 | 001023s2000 r 000 0 eng d | ||
| 035 | _aUPN01000135591 | ||
| 100 | 1 | _aWOLDENBERG, José | |
| 240 | 0 | _aHistoria del SPAUNAM LIII : sindicato y autoridades mueven sus primeras piezas | |
| 245 | 1 | 0 | _aFORO UNIVERSITARIO |
| 300 | _a9-18 | ||
| 362 | _a1986 2a época, año 6, no. 67, jun. | ||
| 653 | 0 | _$UNAM | |
| 650 | 2 |
_aSindicatos _98186 |
|
| 650 | _aPERSONAL ACADEMICO | ||
| 999 |
_c107742 _d107742 |
||